Регионална библиотека "Любен Каравелов" - Русе

Индиговата врата (Запис номер 423255)

MARC детайли
000 -Лидер
Контролно поле с фиксирана дължина 00940nam a2200277 c 4500
003 - Код на организацията, давaща контролен номер
Контролно поле BLK
005 - Дата и час на последна редакция
Контролно поле 20221026155010.0
008 - Елементи от данни с фиксирана дължина
fixed length control field 180408b bul|||||r ||||||| ||bul||
010 ## - Наследен системен номер
LC control number KNG00087304000
020 ## - Международен стандартен номер на книга ISBN
Международен стандартен номер на книга ISBN 9786192301538
040 ## - Източник на каталожния запис
Идентификатор на билиотеката - собственик на записа BLK
041 ## - Код за език
Код за езика на текст/звукозапис или на отделно заглавие Български
Код за езика КДБФ Български
080 ## - УДК
Текстов определител УДК Българска литература
УДК код - определител по УДК 821.163.2
УДК определител -32
УДК - код + определител 821.163.2-32
100 1# - Редна дума - Автор
Автор Такова, Таня Асенова
Авторска отговорност първи автор
R(LIN) 300666
139 ## - Редно поле
Редна дума Такова, Таня Асенова
Авторски знак Тако - Т 22
245 10 - Сведения за заглавието
Заглавие Индиговата врата
Редно поле (дума) Таня Такова.
257 ## - Страна на издаване
Страна на създаване/издаване България
260 ## - Област на издателските данни
Име на издателя, разпространителя и проч. Фабрика за книги
Година на издаване 2021
9 (RLIN) 220362
Място на издаване, разпространение и проч. София
Информация за издателството импринт на БГкнига
Издателство - префикс ISBN 978-619-230- ; 978-619-7198-
300 ## - Физическа характеристика
Страници 140 с.
Илюстрации и др. с ил.
Размери/Мащаб 20 см
380 ## - Жанр
Жанр Худож. лит.
852 ## - Местоположение
Систематично-азбучна сигнатура 821.163.2-32/Т 22 Т
856 ## - Електронен адрес и достъп
Инструкция (цена за достъп) 0.00
Права за достъп disable
999 ## - СИСТЕМНИ КОНТРОЛНИ НОМЕРА
Koha biblionumber 423255
Koha biblioitemnumber 423255
942 ## - АРТИКУЛИ
Вид на библиотечния материал Книги
Скрит в OPAC Не
Периодичен библиозапис Да
Koha issues (borrowed), all copies 5
944 ## - СЪЗДАВАНЕ И РЕДАКЦИЯ на ЗАПИСА
Създаване/Редакция Създаване
Дата на регистрацията/редакция 2021-07-08
Служител, извършил регистрацията/редакцията В. Т.
999 ## - СИСТЕМНИ КОНТРОЛНИ НОМЕРА
Koha biblioitemnumber 423255
Наличности
Код за отписване Код за изгубен артикул Източник на класификационната схема Код за повреда Коз за рестрикции Код за отдаване Артикулен № Име на библиотеката - собственик Име на библиотеката, в която се намира в момента Статус (Текущо местоположение) Дата на вписване в системата Местоположение - отдел Цена в лева Систематично азбучна сигнатура Баркод Цена в евро Служебен тип на артикула
  Не е изгубен Universal Decimal Classification Не е повреден без рестрикции заемане за дома 842070 Регионална библиотека "Любен Каравелов" Русе Регионална библиотека "Любен Каравелов" Русе Заемна - подръчен фонд 2021-07-08 Заемна - подръчен фонд 9.60 821.163.2-32/Т 22 Т 120000857740 4.91 Книги
  Не е изгубен Universal Decimal Classification Не е повреден без рестрикции заемане за дома 842071 Регионална библиотека "Любен Каравелов" Русе Регионална библиотека "Любен Каравелов" Русе Заемна - подръчен фонд 2021-07-08 Заемна - подръчен фонд 9.60 821.163.2-32/Т 22 Т 120000857741 4.91 Книги
  Не е изгубен Universal Decimal Classification Не е повреден само за читалня ползва се в читалня 846357 Регионална библиотека "Любен Каравелов" Русе Регионална библиотека "Любен Каравелов" Русе Хранилище 2021-08-03 Хранилище 12.00 Цб 308715 120000858929 6.14 Книги
Vip Innovations Ltd, Rousse, Bulgaria 2025